000 00478nam a2200169Ia 4500
001 14296
003 IN-NITTTR
005 20251114233134.0
008 251113s9999||||xx |||||||||||||| ||eng||
040 _beng
040 _cIN-NITTTR
041 _aeng
082 _a370.113028 I8M
100 _aInternational Labour Office,
245 0 _aAudiovisual Draughting Office Reproduction and other Ancillary Equipment and Supplies. /
_cInternational Labour Office
942 _2ddc
_cBK
999 _c16932
_d16932